000 01312nam0a22002771 4500
001 rc\4435100
005 20260524041609.0
021 _aRU
_b[58-3626]
035 _a(NLR Aleph) 008578171
090 _a8568282
_c8568282
100 _a20130416d1957 |||y0rusy50 ca
101 0 _arus
102 _aRU
105 _ay z |||||
200 1 _aИдейно-политическое воспитание на уроках истории и литературы
_eСборник статей
_fСарат. гор. ин-т усовершенствования учителей
210 _aСаратов
_cБ. и.
_d1957
215 _a119 с.
_d20
606 _aЛитература
_xМетодика преподавания
_xИдейно-политическая направленность
_2psbo
606 _aКоммунистическое воспитание
_jСборники
_2psbo
606 _aИстория
_xМетодика преподавания
_xИдейно-политическая направленность
_2psbo
712 0 2 _aСаратовский городской институт усовершенствования учителей
_9415504
_3RU\NLR\AUTH\889959658
801 0 _aRU
_bNLR
_gpsbo
801 1 _aRU
_bELAR
_2rusmarc
852 _aNLR
_j58-3/680
942 _cBOOK
980 _aNB